Giáo trình địa lí kinh tế- xã hội Việt Nam

Spremljeno u:
Bibliografski detalji
Glavni autor: Nguyễn Viết Thịnh
Format: Knjiga
Jezik:Undetermined
Izdano: Hà Nội Giáo dục 2001
Teme:
Oznake: Dodaj oznaku
Bez oznaka, Budi prvi tko označuje ovaj zapis!
Thư viện lưu trữ: Trung tâm Học liệu Trường Đại học Cần Thơ
LEADER 00538nam a2200181Ia 4500
001 CTU_90623
008 210402s9999 xx 000 0 und d
082 |a 330.9 
082 |b Th312/T1 
100 |a Nguyễn Viết Thịnh 
245 0 |a Giáo trình địa lí kinh tế- xã hội Việt Nam 
245 0 |c Nguyễn Viết Thịnh 
260 |a Hà Nội 
260 |b Giáo dục 
260 |c 2001 
650 |a economic geography 
904 |i Trúc 
980 |a Trung tâm Học liệu Trường Đại học Cần Thơ